Tribhuvan University Central Library

The Routledge history of literature in English; Britain and Ireland.- (Record no. 84379)

MARC details
000 -LEADER
fixed length control field 00644nam a22002177a 4500
008 - FIXED-LENGTH DATA ELEMENTS--GENERAL INFORMATION
fixed length control field 190315b xxu||||| |||| 00| 0 eng d
020 ## - INTERNATIONAL STANDARD BOOK NUMBER
International Standard Book Number 978-81-896-4312-6
082 ## - DEWEY DECIMAL CLASSIFICATION NUMBER
Classification number 820.9
Item number C245r
100 ## - MAIN ENTRY--PERSONAL NAME
Personal name Carter, Ronald
245 ## - TITLE STATEMENT
Title The Routledge history of literature in English; Britain and Ireland.-
250 ## - EDITION STATEMENT
Edition statement 2nd ed.
260 ## - PUBLICATION, DISTRIBUTION, ETC.
Place of publication, distribution, etc. London:
Name of publisher, distributor, etc. Routledge Tayler and Francis Group,
Date of publication, distribution, etc. 2013
300 ## - PHYSICAL DESCRIPTION
Other physical details xix, 570p.; illus.
504 ## - BIBLIOGRAPHY, ETC. NOTE
Bibliography, etc. note Bibliography: p. 548-557
650 ## - SUBJECT ADDED ENTRY--TOPICAL TERM
Topical term or geographic name entry element English literature
650 ## - SUBJECT ADDED ENTRY--TOPICAL TERM
Topical term or geographic name entry element English language
650 ## - SUBJECT ADDED ENTRY--TOPICAL TERM
Topical term or geographic name entry element Literary history
650 ## - SUBJECT ADDED ENTRY--TOPICAL TERM
Topical term or geographic name entry element Literary criticism
700 ## - ADDED ENTRY--PERSONAL NAME
Personal name McRae, John
942 ## - ADDED ENTRY ELEMENTS (KOHA)
Source of classification or shelving scheme Dewey Decimal Classification
Koha item type General Collections
Holdings
Withdrawn status Lost status Source of classification or shelving scheme Damaged status Not for loan Home library Current library Shelving location Date acquired Total Checkouts Total Renewals Full call number Barcode Date last seen Date last checked out Price effective from Koha item type
    Dewey Decimal Classification     Tribhuvan University Central Library Tribhuvan University Central Library New Building 03/15/2019 1 1 820.9 C246r 159606 02/05/2020 01/31/2020 03/15/2019 General Collections
    Dewey Decimal Classification     Tribhuvan University Central Library Tribhuvan University Central Library New Building 03/15/2019 1   820.9 C246r 159607 12/27/2022 02/02/2020 03/15/2019 General Collections
    Dewey Decimal Classification     Tribhuvan University Central Library Tribhuvan University Central Library New Building 03/15/2019     820.9 C246r 159608 03/15/2019   03/15/2019 General Collections
    Dewey Decimal Classification     Tribhuvan University Central Library Tribhuvan University Central Library New Building 03/15/2019     820.9 C246r 159609 03/15/2019   03/15/2019 General Collections